| 000 | 00995nam a22003375i 4500 | ||
|---|---|---|---|
| 999 |
_c1485 _d1485 |
||
| 001 | 18409486 | ||
| 003 | OSt | ||
| 005 | 20221230153332.0 | ||
| 008 | 141217s2015 mnu 000 0 eng | ||
| 010 | _a 2014959729 | ||
| 020 | _a9781634070478 | ||
| 040 |
_aDLC _beng _erda _cDLC _dKH8 |
||
| 042 | _apcc | ||
| 082 | _a954 BAI | ||
| 100 | 1 |
_aBailer, Darice. _eauthor |
|
| 245 | 1 | 0 |
_aIndia / _cDarice Bailer. |
| 263 | _a1508 | ||
| 264 | 1 |
_aMankato, MN : _bChilds World, _c2015. |
|
| 300 |
_a32 pages : _bcolor illustrations, color maps ; _c25 cm. |
||
| 336 |
_atext _btxt _2rdacontent |
||
| 337 |
_aunmediated _bn _2rdamedia |
||
| 338 |
_avolume _bnc _2rdacarrier |
||
| 490 | 0 | _aOne world, many countries | |
| 650 | _2 India | ||
| 650 |
_2JUVENILE NONFICTION _v People & Places |
||
| 650 |
_2JUVENILE NONFICTION _vSocial Science _xCustoms |
||
| 651 | _2India Juvenile literature | ||
| 906 |
_a0 _bibc _corignew _d2 _eepcn _f20 _gy-gencatlg |
||
| 942 |
_2ddc _cNFIC |
||